Best All-Time Active Player from Every NBA Team - Statistics

General Stats
  • This quiz has been taken 59 times
  • The average score is 17 of 30
Answer Stats
Team Player % Correct
BOS Jayson Tatum
92%
ATL Trae Young
92%
LAL LeBron James
90%
PHO Kevin Durant
83%
GSW Steph Curry
79%
LAC Kawhi Leonard
77%
DAL Luka Doncic
75%
DEN Nikola Jokic
75%
MIA Jimmy Butler
73%
CHA LaMelo Ball
71%
OKL Shai Gilgeous-Alexander
71%
PHI Joel Embiid
69%
IND Tyrese Haliburton
69%
CHI DeMar DeRozan
63%
CLE Donovan Mitchell
62%
NYK Jalen Brunson
62%
ORL Paolo Banchero
58%
SAS Victor Wembanyama
56%
SAC De'Aaron Fox
52%
MIN Rudy Gobert
52%
WAS Jordan Poole
44%
NOP Brandon Ingram
42%
HOU Fred VanVleet
37%
BKN Ben Simmons
35%
MEM Derrick Rose
27%
POR DeAndre Ayton
23%
UTA Lauri Markanen
15%
TOR R.J. Barrett
15%
MIL Giannis Antetokoumnpo
13%
DET Taj Gibson
0%
No matching quizzes found
Score Distribution
Percent of People with Each Score
Percentile by Number Answered
Your Score History
You have not taken this quiz